000 00854nam a22002297a 4500
999 _c9316
_d9316
001 9316
003 BD-JhCC
005 20180314182732.0
008 180312s1968 bg ||||| |||| 00| 0 ben d
035 _a(BD-JhCC) 9316
040 _aBD-JhCC
_dBD-JhCC
041 _aeng
082 _a342.73
_bGRI 1968
100 _aগ্রিফিথ, আর্নেস্টে এস
245 _aমার্কিন সরকার পদ্ধতি /
_bআর্নেস্টে এস গ্রিফিথ; কে. এম. মহিউদ্দিন (অনু)
260 _aঢাকা :
_bচৌধুরী পাবলিশিং হাউজ
_c MOH 1968
300 _a212. P :
_c21 cm
650 _aPliitics and Goverment
_zUnited States
700 _aমহিউদ্দিন, এ. কে. এম
942 _2ddc
_cBK